000 00436nam a2200181Ia 4500
005 20240823041746.0
008 240823s9999||||xx |||||||||||||| ||und||
041 _aENGLISH
082 _A822.33 N4
100 _aPalany Arangasamy
245 0 _aShakespeare in Tamil Versions : An Appraisal
250 _a1st
260 _c1994
_bMuthamizh Ni
500 _aTRANSFERED
650 _aNovel
_bEnglish
942 _cBK
999 _c206261
_d206261